Biggest European Cities that end in I with a Map - Statistics

General Stats
  • This quiz has been taken 162 times
  • The average score is 10 of 28
Answers on the Map
Answers color-coded by a green-red scale on the quiz's map according to % correct below.
 
Answer Stats
Population City % Correct
656,920 Helsinki
99%
315,196 Thessaloniki
93%
313,003 Bari
90%
149,474 Cagliari
81%
202,746 Charleroi
66%
290,422 Iași
66%
148,688 Rimini
58%
124,111 Sassari
40%
249,432 Galați
38%
119,984 Lahti
37%
693,072 Tolyatti
35%
209,945 Ploiești
31%
117,479 Forlì
30%
101,862 Šiauliai
28%
109,255 Terni
25%
267,060 Chernivtsi
24%
155,383 Pitești
22%
106,847 Botoșani
18%
257,757 Khimki
13%
174,183 Baranovichi
11%
273,713 Khmelnytskyi
11%
245,643 Mytishchi
10%
181,997 Silivri
8%
225,339 Kropyvnytskyi
7%
137,091 Berezniki
6%
139,981 Peristeri
6%
111,457 Kapaklı
5%
114,824 Yessentuki
5%
No matching quizzes found
Score Distribution
Percent of People with Each Score
Percentile by Number Answered
Your Score History
You have not taken this quiz